Raising an emotionally healthy child when a parent is sick / (Record no. 34479)
[ view plain ]
| 000 -LEADER | |
|---|---|
| fixed length control field | 00817nam a2200217 4500 |
| 008 - FIXED-LENGTH DATA ELEMENTS--GENERAL INFORMATION | |
| fixed length control field | 100719s2006 nyua b 001 0 eng |
| 020 ## - INTERNATIONAL STANDARD BOOK NUMBER | |
| International Standard Book Number | 0071446818 :Php167.50/50.00 |
| 090 ## - LOCALLY ASSIGNED LC-TYPE CALL NUMBER (OCLC); LOCAL CALL NUMBER (OCLC) | |
| Classification number (OCLC) (R) ; Classification number, CALL (RLIN) (NR) | BF723.P25 |
| Local cutter number (OCLC) ; Book number/undivided call number, CALL (RLIN) | R19 |
| -- | 2006 |
| 100 1# - MAIN ENTRY--PERSONAL NAME | |
| Personal name | Rauch, Paula K. |
| 245 10 - TITLE STATEMENT | |
| Title | Raising an emotionally healthy child when a parent is sick / |
| Statement of responsibility, etc | Paula K. Rauch and Anna C. Muriel. |
| 260 ## - PUBLICATION, DISTRIBUTION, ETC. (IMPRINT) | |
| Place of publication, distribution, etc | New York : |
| Name of publisher, distributor, etc | McGraw-Hill, |
| Date of publication, distribution, etc | c2006. |
| 300 ## - PHYSICAL DESCRIPTION | |
| Extent | xxiii, 213 p. : |
| Other physical details | ill. ; |
| Dimensions | 23 cm. |
| 504 ## - BIBLIOGRAPHY, ETC. NOTE | |
| Bibliography, etc | Includes bibliographical references (p. 203-206) and index. |
| 650 #4 - SUBJECT ADDED ENTRY--TOPICAL TERM | |
| Topical term or geographic name as entry element | Child rearing. |
| 650 #4 - SUBJECT ADDED ENTRY--TOPICAL TERM | |
| Topical term or geographic name as entry element | Children of sick parents. |
| 650 #4 - SUBJECT ADDED ENTRY--TOPICAL TERM | |
| Topical term or geographic name as entry element | Parents |
| General subdivision | Death |
| -- | Psychological aspects. |
| 650 #4 - SUBJECT ADDED ENTRY--TOPICAL TERM | |
| Topical term or geographic name as entry element | Sick |
| General subdivision | Family relationships. |
| 951 ## - EQUIVALENCE OR CROSS-REFERENCE-GEOGRAPHIC NAME/AREA NAME [OBSOLETE] [CAN/MARC only] | |
| General subdivision | 00039396 |
| 700 1# - ADDED ENTRY--PERSONAL NAME | |
| Personal name | Muriel, Anna C. |
| 951 ## - EQUIVALENCE OR CROSS-REFERENCE-GEOGRAPHIC NAME/AREA NAME [OBSOLETE] [CAN/MARC only] | |
| -- | 33917 |
| -- | GCBF723.P25/R19/2006 |
| -- | 100719121140546 |
| -- | 2000-12-21 |
| Withdrawn status | Lost status | Damaged status | Not for loan | Home library | Current library | Date acquired | Accession number | Shelving control number | Total Checkouts | Full call number | Barcode | Date last seen | Price effective from | Koha item type |
|---|---|---|---|---|---|---|---|---|---|---|---|---|---|---|
| BSOP Library | BSOP Library | 12/21/2000 | 33917 | 127 | GCBF723.P25/R19/2006 | 00039396 | 02/23/2013 | 02/23/2013 | Books |
